Burpees /
MARC
| LEADER | 00000nam a22000004i 4500 | ||
|---|---|---|---|
| 001 | 29261 | ||
| 003 | AGDB | ||
| 005 | 20260324181545.0 | ||
| 008 | 251113e202511 spc ||||r|||||0|| d cat|c | ||
| 017 | |a V 4281-2025 |b Oficina DL València | ||
| 020 | |a 9791399053593 (Galés) | ||
| 020 | |a 9788410278530 (Diputació de Barcelona) | ||
| 040 | |a ES-BaIT |b cat |e rda |c ES-BaIT | ||
| 041 | |a spa | ||
| 080 | |a 849.9-2"20" | ||
| 100 | 1 | |a Mas Fiol, Miquel, |d 1996- |e autor | |
| 245 | 1 | 0 | |a Burpees / |c Miquel Mas Fiol |
| 250 | |a 1a edició : |b novembre 2025 | ||
| 264 | 1 | |a València : |b Galés Edicions ; |a Barcelona : |b Institut del Teatre, |c 2025 | |
| 300 | |a 123 pàgines; |c 19 cm | ||
| 336 | |a text |b txt |2 rdacontent | ||
| 490 | 1 | |a Zona d'emergència | |
| 520 | |a "Nold Reborn és un influencer famós i polèmic pels seus continguts a les xarxes, en què ofereix consells als més joves per ser homes de valor en el segle XXI. Tanmateix, tot això canvia quan desapareix sobtadament. A partir d'aquí, Sofia, la seva germana gran, juntament amb David, un jove de setze anys fidel a les lliçons de l'influencer, emprendran un viatge per saber on és, no només descobrint la veritat, sinó també revivint els instants més durs del seu passat per detectar en quin moment tot va fallar. Com arriba algú a convertir-se en un extremista digital?.." -- Contracoberta | ||
| 650 | 4 | |a Influenciadors |x Textos dramàtics | |
| 650 | 4 | |a Masculinitat |x Textos dramàtics | |
| 650 | 4 | |a Road-drama |x Textos dramàtics | |
| 710 | 2 | |a Projecte UNA, |e escriptor del pròleg | |
| 710 | 2 | |a Institut del Teatre (Barcelona, Catalunya), |e entitat editora | |
| 830 | 0 | |a Zona d'emergència | |
| 908 | |a CDMAE | ||
| 940 | |a CDMAE | ||
| 942 | |2 udc |c ARXIU |n 1 | ||
| 952 | |0 0 |1 0 |2 udc |4 0 |6 BIB1400 |7 1 |9 98990 |a Arxiu |b Arxiu |d 2026-01-21 |l 0 |o Bib-1400 |p 29261 |r 2026-01-21 12:18:27 |w 2026-01-21 |y ARXIU | ||
| 999 | |c 130656 |d 130656 | ||